[Event "Leipzig DSAM Cup"]
[Site "Leipzig"]
[Date "2018.06.01"]
[Round "3"]
[White "Jandke, Manfred"]
[Black "Martin, Paul Guido"]
[Result "1-0"]
[WhiteElo "2122"]
[BlackElo "1999"]
[PlyCount "63"]
[EventDate "2018.05.31"]
[EventType "swiss"]
[EventRounds "5"]
[EventCountry "GER"]
[SourceTitle "EXT 2019"]
[Source "ChessBase"]
[SourceDate "2018.10.10"]
[SourceVersion "1"]
[SourceVersionDate "2018.10.10"]
[SourceQuality "1"]

1. c4 c6 2. g3 d6 3. d4 f5 4. Nc3 Nf6 5. Nf3 g6 6. Bg2 Bg7 7. 0-0 0-0 8. Qc2 a5 9. Re1 Na6 10. a3 d5 11. cxd5 cxd5 12. Qb3 e6 13. Bf4 h6 14. h4 Kh7 15. Ne5 Nd7 16. Na4 Bxe5 17. Bxe5 Nxe5 18. dxe5 b5 19. Qxb5 Qc7 20. Rac1 Qxe5 21. Qxa5 Bb7 22. Nb6 Rad8 23. Qb5 Rf7 24. Nc4 Qf6 25. Na5 Bc8 26. b4 f4 27. Qb6 fxg3 28. fxg3 Rdf8 29. Rf1 Qe7 30. Rxf7+ Qxf7 31. b5 Nb8 32. Rf1 1-0

[Event "Leipzig DSAM Cup"]
[Site "Leipzig"]
[Date "2018.05.31"]
[Round "1"]
[White "Poetsch, Hagen"]
[Black "Martin, Paul Guido"]
[Result "1-0"]
[WhiteElo "2507"]
[BlackElo "1999"]
[PlyCount "31"]
[EventDate "2018.05.31"]
[EventType "swiss"]
[EventRounds "5"]
[EventCountry "GER"]
[SourceTitle "EXT 2019"]
[Source "ChessBase"]
[SourceDate "2018.10.10"]
[SourceVersion "1"]
[SourceVersionDate "2018.10.10"]
[SourceQuality "1"]

1. e4 c5 2. Nf3 d6 3. d4 cxd4 4. Nxd4 Nf6 5. Nc3 a6 6. Bg5 e6 7. f4 Qb6 8. Qd2 Qxb2 9. Rb1 Qa3 10. e5 dxe5 11. fxe5 Nd5 12. Nxd5 exd5 13. Rb3 Qa4 14. Nb5 Qe4+ 15. Re3 Bb4 16. Nd6+ 1-0